Подробности
| 000 -МАРКЕР |
| контрольное поле |
01427nam0a2200361 4500 |
| 001 - ИДЕНТИФИКАТОР ЗАПИСИ |
| контрольное поле |
RU\NLR\BIBL_A\010739788 |
| 005 - ИДЕНТИФИКАТОР ВЕРСИИ |
| контрольное поле |
20260408234719.0 |
| 010 ## - МЕЖДУНАРОДНЫЙ СТАНДАРТНЫЙ НОМЕР КНИГИ (ISBN) |
| Номер (ISBN) |
978-5-4279-0040-9 |
| Тираж |
3000 |
| 035 ## - ДРУГИЕ СИСТЕМНЫЕ НОМЕРА |
| Идентификатор записи |
(NILC)RuMoRGB-007891862 |
| 035 ## - ДРУГИЕ СИСТЕМНЫЕ НОМЕРА |
| Идентификатор записи |
(NLR Aleph) 010739788 |
| 100 ## - ДАННЫЕ ОБЩЕЙ ОБРАБОТКИ |
| Данные общей обработки |
20150424d2015 |||y0rusy50 ca |
| 101 1# - ЯЗЫК РЕСУРСА |
| Язык текста, звукозаписи и т.д. |
английский |
| Язык оригинала |
русский |
| 102 ## - СТРАНА ПУБЛИКАЦИИ ИЛИ ПРОИЗВОДСТВА |
| Страна публикации |
соединенные штаты америки |
| -- |
российская федерация |
| 105 ## - ПОЛЕ КОДИРОВАННЫХ ДАННЫХ: ТЕКСТОВЫЕ МАТЕРИАЛЫ, МОНОГРАФИЧЕСКИЕ |
| Кодированные данные о монографическом текстовом документе |
a|||w|||000yy |
| 200 1# - ЗАГЛАВИЕ И СВЕДЕНИЯ ОБ ОТВЕТСТВЕННОСТИ |
| Основное заглавие |
A sobering book |
| Сведения, относящиеся к заглавию |
explanation of the Book of Ecclesiastes |
| Первые сведения об ответственности |
Priest Daniel Sysoev |
| Последующие сведения об ответственности |
[transl. by Deacon Nathan Williams] |
| 210 ## - ПУБЛИКАЦИЯ, РАСПРОСТРАНЕНИЕ И ДР. |
| Место издания, распространения и т.д. |
New Jersey |
| -- |
[Moscow] |
| Имя издателя, распространителя и т. д. |
Daniel Sysoev inc. |
| Дата издания, распространения и т.д. |
2015 |
| 215 ## - ФИЗИЧЕСКАЯ ХАРАКТЕРИСТИКА |
| Специфическое обозначение материала и объем |
173 с. |
| Другие сведения о физической характеристике |
ил. |
| Размеры |
17 |
| 500 ## - УНИФИЦИРОВАННОЕ ЗАГЛАВИЕ |
| -- |
lat |
| Унифицированное заглавие |
Biblia |
| Наименование раздела или части |
V.T |
| -- |
Ecclesiastes |
| Графика поля |
Латинская |
| Идентификатор авторитетной / нормативной записи |
RU\NLR\AUTH\553053 |
| Системный номер авторитетной/нормативной записи |
2631020 |
| 541 1# - ПЕРЕВОД ЗАГЛАВИЯ, СДЕЛАННЫЙ КАТАЛОГИЗАТОРОМ |
| Заглавие |
Книга, отрезвляющая человека |
| Язык заглавия |
русский |
| 605 ## - ЗАГЛАВИЕ КАК ПРЕДМЕТ |
| Начальный элемент ввода |
Biblia. |
| Наименование части |
V. T |
| -- |
Ecclesiastes |
| 605 ## - ЗАГЛАВИЕ КАК ПРЕДМЕТ |
| Начальный элемент ввода |
Библия |
| Наименование части |
Ветхий Завет |
| -- |
Екклесиаст |
| Тематический подзаголовок |
Толкование |
| Системный номер авторитетной/нормативной записи |
2233663 |
| Идентификатор авторитетной/нормативной записи |
RU\NLR\AUTH\6601572733 |
| 605 ## - ЗАГЛАВИЕ КАК ПРЕДМЕТ |
| Начальный элемент ввода |
Библия |
| Тематический подзаголовок |
История |
| Системный номер авторитетной/нормативной записи |
1151482 |
| Идентификатор авторитетной/нормативной записи |
RU\NLR\AUTH\66141472 |
| 686 2# - ИНДЕКСЫ ДРУГИХ КЛАССИФИКАЦИЙ |
| Индекс |
Э37-210.913 |
| 686 2# - ИНДЕКСЫ ДРУГИХ КЛАССИФИКАЦИЙ |
| Индекс |
Э37-22 |
| 700 #1 - ИМЯ ЛИЦА - ПЕРВИЧНАЯ ОТВЕТСТВЕННОСТЬ |
| Материалы, к которым относится поле |
rus |
| Графика поля |
Латинская |
| Начальный элемент ввода |
Sysoev |
| Часть имени, кроме начального элемента ввода |
D. A. |
| Дополнения к именам, кроме дат |
священнослужитель |
| Даты |
1974-2009 |
| Расширение инициалов личного имени |
Daniil Alekseevič |
| Идентификатор авторитетной/нормативной записи |
RU\NLR\AUTH\77117544 |
| Системный номер авторитетной/нормативной записи |
100469 |
| 801 #0 - ИСТОЧНИК ЗАПИСИ |
| Страна |
российская федерация |
| Организация |
РГБ |
| Дата составления |
20150319 |
| Правила каталогизации |
RCR |
| 942 ## - ДОПОЛНИТЕЛЬНЫЕ ЭЛЕМЕНТЫ ЗАПИСИ (АБИС) |
| Тип экземпляра АБИС |
Книга |
| 980 ## - КОЛЛЕКЦИЯ |
| Название коллекции |
Национальная библиография |